| 000 -LEADER |
| fixed length control field |
00668nam a22002057a 4500 |
| 003 - CONTROL NUMBER IDENTIFIER |
| control field |
OSt |
| 005 - DATE AND TIME OF LATEST TRANSACTION |
| control field |
20240315135049.0 |
| 008 - FIXED-LENGTH DATA ELEMENTS--GENERAL INFORMATION |
| fixed length control field |
180220b xxu||||| |||| 00| 0 spa d |
| 040 ## - CATALOGING SOURCE |
| Transcribing agency |
PJ |
| 100 ## - ASIENTO PRINCIPAL - NOMBRE DE PERSONA |
| Personal name |
Trotti, Eduardo Gustavo |
| 9 (RLIN) |
6254 |
| 245 10 - MENCIÓN DE TÍTULO |
| Título propiamente dicho |
Código procesal penal de la provincia de Tierra del Fuego, Antártida e Islas del Alántico Sur / |
| Mención de responsabilidad, etc |
Eduardo Gustavo Trotti. |
| 260 ## - PUBLICATION, DISTRIBUTION, ETC. (IMPRINT) |
| Place of publication, distribution, etc |
Santa Fe : |
| Name of publisher, distributor, etc |
Lux, |
| Date of publication, distribution, etc |
2005. |
| 300 ## - DESCRIPCION FISICA |
| Extent |
2 v. |
| Dimensions |
22 cm. |
| 500 ## - NOTA GENERAL |
| General note |
<br/> |
| 650 #0 - ASIENTO SECUNDARIO DE MATERIA - TERMINO TEMATICO |
| Topical term or geographic name as entry element |
CODIGO PROCESAL PENAL |
| 9 (RLIN) |
2500 |
| 650 #0 - ASIENTO SECUNDARIO DE MATERIA - TERMINO TEMATICO |
| Topical term or geographic name as entry element |
OBRA DE REFERENCIA |
| 9 (RLIN) |
2443 |
| 651 #0 - SUBJECT ADDED ENTRY--GEOGRAPHIC NAME |
| 9 (RLIN) |
2403 |
| Geographic name |
TIERRA DEL FUEGO |
| 710 ## - ASIENTO SECUNDARIO - NOMBRE CORPORATIVO |
| 9 (RLIN) |
2448 |
| Corporate name or jurisdiction name as entry element |
Argentina. Códigos |
| 942 ## - ADDED ENTRY ELEMENTS (KOHA) |
| Source of classification or shelving scheme |
|
| Koha item type |
Libros |
| Classification part |
347.9(094.4) |
| Item part |
GIA |